| 000 | 00523nam a2200097Ia 4500 | ||
|---|---|---|---|
| 008 | 170517s9999 xx 000 0 und d | ||
| 245 | _aMusicians on Music | ||
| 300 | _aMusicians on Music features Anoushka Shankar, Celino Romero, Matmos, Steven Schick and Holly Hofmann. Recognized as a consummate performer Indian classical music and forward thinking genres, Anoushka Shankar has shown herself to be a unique artist with tremendous talent... | ||
| 650 | _xArt. | ||
| 856 | _uhttp://topdocumentaryfilms.com/musicians-on-music/ | ||
| 999 |
_c333167 _d333167 |
||